Čudný prípad (Record no. 22730)
[ view plain ]
| 000 -LEADER | |
|---|---|
| fixed length control field | 01026nam a2200325 a 4500 |
| 001 - CONTROL NUMBER | |
| control field | 22730 |
| 003 - CONTROL NUMBER IDENTIFIER | |
| control field | SK-KTurca |
| 005 - DATE AND TIME OF LATEST TRANSACTION | |
| control field | 20260421161748.0 |
| 008 - FIXED-LENGTH DATA ELEMENTS--GENERAL INFORMATION | |
| fixed length control field | 250414s1987 xo 0 slo |
| 015 ## - NATIONAL BIBLIOGRAPHY NUMBER | |
| National bibliography number | SNBA1988/05 |
| 035 ## - SYSTEM CONTROL NUMBER | |
| System control number | SNK000063789 |
| 040 ## - CATALOGING SOURCE | |
| Original cataloging agency | SNK |
| Language of cataloging | slo |
| Transcribing agency | SNK |
| Description conventions | AACR2 |
| 041 0# - LANGUAGE CODE | |
| Language code of text/sound track or separate title | slo |
| 044 ## - COUNTRY OF PUBLISHING/PRODUCING ENTITY CODE | |
| MARC country code | xo |
| ISO country code | SK |
| 080 ## - UNIVERSAL DECIMAL CLASSIFICATION NUMBER | |
| Universal Decimal Classification number | 840-3 |
| Edition identifier | 1981 |
| 100 1# - MAIN ENTRY--PERSONAL NAME | |
| Personal name | Roberts, Jean-Marc, |
| Dates associated with a name | 1954-2013 |
| Relationship | aut |
| 245 10 - TITLE STATEMENT | |
| Title | Čudný prípad |
| Statement of responsibility, etc. | Jean-Marc Roberts ; Jasna Navrátilová, Štefan Povchanič, Miroslav Cipár, Igor Imro |
| 250 ## - EDITION STATEMENT | |
| Edition statement | 1. vyd. |
| 260 ## - PUBLICATION, DISTRIBUTION, ETC. | |
| Place of publication, distribution, etc. | Bratislava |
| Name of publisher, distributor, etc. | Tatran |
| Date of publication, distribution, etc. | 1987 |
| Place of manufacture | Banská Bystrica |
| Manufacturer | Tlačiarne SNP |
| 300 ## - PHYSICAL DESCRIPTION | |
| Extent | 136 s., 7,44 AH |
| Dimensions | 20 cm |
| 366 ## - TRADE AVAILABILITY INFORMATION | |
| Note | 15000 výtl. |
| 490 0# - SERIES STATEMENT | |
| Series statement | LUK |
| Volume/sequential designation | Zv. 117. |
| 700 1# - ADDED ENTRY--PERSONAL NAME | |
| Personal name | Navrátilová, Jasna, |
| Dates associated with a name | 1952- |
| Relationship | trl |
| 700 1# - ADDED ENTRY--PERSONAL NAME | |
| Personal name | Povchanič, Štefan, |
| Dates associated with a name | 1939- |
| Relationship | [ADC] |
| 700 1# - ADDED ENTRY--PERSONAL NAME | |
| Personal name | Cipár, Miroslav, |
| Dates associated with a name | 1935-2021 |
| Relationship | bkd |
| 700 1# - ADDED ENTRY--PERSONAL NAME | |
| Personal name | Imro, Igor, |
| Dates associated with a name | 1943- |
| Relationship | bkd |
| 942 ## - ADDED ENTRY ELEMENTS (KOHA) | |
| Source of classification or shelving scheme | Dewey Decimal Classification |
| Koha item type | Krásna literatúra pre dospelých |
| Suppress in OPAC | No |
| Stav vyradenia | Strata | Poškodenie | Spôsob nadobudnutia | Domovská knižnica | Aktuálna knižnica | Dátum nadobudnutia | Total checkouts | Čiarový kód exemplára | Date last seen | Typ exemplára |
|---|---|---|---|---|---|---|---|---|---|---|
| Dar | Obecná knižnica Horná Štubňa | Obecná knižnica Horná Štubňa | 21.04.2026 | 4736202269 | 21.04.2026 | Krásna literatúra pre dospelých |
